000 00214 a2200097 4500
001 6612
100 _aBassin, M.G
245 _aStatisc & strength of materials
260 _a
_bMc Graw Hill
_c
090 _c5466
_d5466
942 _aNUST-CAE
_cM
_c31896
999 _c241685
_d241685